01147nab a22002177a 4500999001500000003000400015005001700019008004100036040000700077100004000084245012800124260004200252300001300294500003500307505028800342505008900630650002600719650004900745773012200794942001300916 c6531d6531OSt20260223100244.0190506c xxu||||| |||| 00| 0 spa d cPJ 97104aSánchez, María Verónica10aNuevas formas de impulsar la generación de empleo : bempleos verdes. Futuro del trabajo /cMaría Verónica Sánchez. aBuenos Aires :bAbeledoPerrot,c2024. ap. 33-50 aCita: TR LALEY AR/DOC/52/2024. aSumario: I. Introducción.— II. Acuerdo de París.— III. Empleos verdes y transición justa.— IV. Alianza Page.— V. Profesiones verdes. Fuente de empleos verdes. Recursos renovables.— VI. Leyes nacionales en medio ambiente.— VII. Conclusión.— VIII. Bibliografía. t¿Te interesa el texto completo? Comunicate al correo: koha@justierradelfuego.gov.ar 091316aDERECHO LABORAL 094925aORGANIZACION INTERNACIONAL DEL TRABAJO0 0275193202dBuenos Aires : AbeledoPerrot, 2013-tRevista de derecho laboral y seguridad social. Nº 3 - Febrero 2024 2udccANA